| 000 | 006400000a22001810004500 | ||
|---|---|---|---|
| 090 |
_aAR _b02982 |
||
| 245 | 1 | 0 | _aDifferences and congruencies between PVA packages: the importance of sex ratio for predictions of extinction risk |
| 650 | 1 | 4 |
_aDinámica poblacional _9608 |
| 650 | 1 | 4 |
_aEcología de poblaciones _93557 |
| 650 | 1 | 4 |
_aPosibilidades de extinción _996507 |
| 650 | 1 | 4 |
_aDemografía _94447 |
| 041 | 0 | _aInglés | |
| 700 | 1 |
_aBurgman, Mark A. _996510 |
|
| 700 | 1 |
_aFrankham, Richard _995463 |
|
| 100 | 1 |
_aBrook, Barry W. _996545 |
|
| 942 | _cARTICULO | ||
| 773 | 1 |
_tConservation Ecology: a Peer-Reviewed Journal _3798 _h1 _q1-18 _d2000 _g4 |
|
| 999 |
_c12040 _d12040 |
||